| 000 | 00650nam a2200217Ia 4500 | ||
|---|---|---|---|
| 003 | PILC | ||
| 005 | 20151111143134.0 | ||
| 008 | 140321s9999 xx 000 0 und d | ||
| 020 | _a9780495598428 | ||
| 050 |
_aH 62 _b.B112 1992 |
||
| 100 | _aBabbie, Earl. | ||
| 245 | 4 |
_aThe practice of social research : _cEarl Babbie. |
|
| 250 | _a6th ed. | ||
| 260 |
_aCalifornia : _bWadsworth Cengage, _c1992. |
||
| 300 |
_a493 pages : _billustrations ; _c25 cm. |
||
| 500 | _aIncludes bibliographical references and index. | ||
| 650 |
_aSocial sciences _xMethodology. |
||
| 650 |
_aSocial sciences _xResearch. |
||
| 942 |
_kFOR _cBK _2lcc |
||
| 999 |
_c288963 _d288963 |
||